[Event "Hanham op"]
[Site "Hanham"]
[Date "1997.??.??"]
[Round "3"]
[White "Buckley, Melanie"]
[Black "Saunders, Walter N R"]
[Result "0-1"]
[WhiteElo "2015"]
[BlackElo "2140"]

1.e4 d6 2.d4 c6 3.Nc3 Nf6 4.Nf3 Bg4 5.Be3 Nbd7 6.Be2 e6 7.Qd2 b5 8.h3 Bh5
9.e5 Nd5 10.Nxd5 exd5 11.exd6 Bxd6 12.Bf4 Bxf4 13.Qxf4 O-O 14.O-O Qf6 15.Qd2 Rfe8
16.Rae1 Re4 17.c3 Rae8 18.Bd1 h6 19.Ne5 Nxe5 20.Bxh5 Nc4 21.Rxe4 dxe4 22.Qc1 Qh4
23.Be2 Nd6 24.g3 Qxh3 25.Qf4 Qe6 26.Bg4 f5 27.Bh5 Re7 28.Re1 g5 29.Qe3 Nc4
30.Qe2 Kg7 31.f3 Qd6 32.Kf2 e3+ 33.Kg2 Qd5 34.b3 Nd6 35.Qd3 Qe6 36.Re2 f4
37.gxf4 gxf4 38.Kf1 Nf5 39.Bg4 Ng3+ 40.Ke1 Qg6 41.Qxg6+ Kxg6 42.Rg2 h5 43.Bc8 e2
44.Rg1 Re3  0-1

[Event "Hanham op"]
[Site "Hanham"]
[Date "1997.??.??"]
[Round "5"]
[White "Ansell, Simon"]
[Black "Saunders, Walter N R"]
[Result "1-0"]
[WhiteElo "2390"]
[BlackElo "2140"]

1.e4 d6 2.d4 c6 3.Nc3 Nf6 4.Nf3 Bg4 5.h3 Bh5 6.Be3 Qa5 7.g4 Bg6 8.Qd2 h6
9.Bg2 e6 10.O-O Nbd7 11.Nh4 Bh7 12.f4 Be7 13.Nf3 Qc7 14.f5 e5 15.dxe5 Nxe5
16.Nxe5 dxe5 17.Rad1 Nd7 18.Ne2 O-O-O 19.Qc3 f6 20.Ng3 Bg8 21.Rd2 Bf7 22.Bf3 Nb6
23.Rxd8+ Rxd8 24.b3 Kb8 25.a4 Rd7 26.Be2 Qd8 27.a5 Nc8 28.b4 Nd6 29.Ra1 Nb5
30.Qb2 Nd6 31.Rd1 Nc4 32.Rxd7 Qxd7 33.Bxc4 Bxc4 34.Qc3 Qd1+ 35.Kf2 Bf7 36.a6 Qd7
37.axb7 Qxb7 38.Bc5 Bxc5+ 39.Qxc5 Qb6 40.Qxb6+ axb6 41.Ke3 Kc7 42.Kd3 Kd6
43.c3 b5 44.Ke3 c5 45.Kf3 cxb4 46.cxb4 Be8 47.h4 Ke7 48.Nh1 Bf7 49.Nf2 Bc4
50.Nd1 Kd6 51.Nc3 Kc6 52.g5 hxg5 53.hxg5 Kd6 54.Kg4 Kc6 55.gxf6 gxf6 56.Kh5 Kd6
57.Kg6 Ke7 58.Kg7 Bf7 59.Nxb5 Be8 60.Na7 Ba4 61.Nc8+ Kd8 62.Nb6 Bc2 63.Kxf6 Bxe4
64.Kxe5 Bd3 65.f6 Ke8 66.Nc8 Kf8 67.Nd6 Bf1 68.b5 Be2 69.b6 Ba6 70.b7 Bxb7
71.Nxb7 Kf7 72.Nd6+  1-0

[Event "SWE-ch"]
[Site "Haninge"]
[Date "1997.??.??"]
[Round "5"]
[White "Brynell, Stellan"]
[Black "Engqvist, Thomas"]
[Result "1-0"]
[WhiteElo "2445"]
[BlackElo "2345"]

1.e4 d6 2.d4 Nf6 3.Nc3 c6 4.Nf3 Bg4 5.Be2 e6 6.O-O Be7 7.Bg5 O-O 8.Qd2 d5
9.e5 Nfd7 10.Bxe7 Qxe7 11.Ne1 Bxe2 12.Nxe2 c5 13.c3 f6 14.exf6 gxf6 15.f4 f5
16.Nd3 b6 17.Qe3 Nc6 18.Rae1 Rae8 19.Rf3 Nf6 20.dxc5 Ng4 21.Rg3 Kh8 22.Rxg4 fxg4
23.cxb6 axb6 24.Qxb6 Qa7 25.Qxa7 Nxa7 26.Nd4 Kg8 27.g3 Nc8 28.Nxe6 Rf6 29.Nd4 Rxe1+
30.Nxe1 Nb6 31.Nd3 Na4 32.Kf2 Ra6 33.Ke3 Nxb2 34.Nxb2 Rxa2 35.Nd3 Rxh2 36.f5 h5
37.Ne5 Kg7 38.Kf4 Kf6 39.Nd7+ Ke7 40.Nb6 Kd6 41.f6 Rf2+ 42.Kg5 h4 43.Nf5+ Ke6
44.Nxh4 Rxf6 45.Nxd5 Rf7 46.Ne3 Ke5 47.Kxg4 Ke4 48.Nhf5 Rf8 49.Kg5 Ke5 50.g4 Rg8+
51.Kh5 Kf6 52.Nd5+ Ke5 53.Nfe3 Rh8+ 54.Kg6  1-0

[Event "Hessenliga9798"]
[Site "Hessen"]
[Date "1997.??.??"]
[Round "?.1"]
[White "Schuh, Karsten"]
[Black "Eilers, Stefan"]
[Result "0-1"]
[WhiteElo "2200"]
[BlackElo "2320"]

1.e4 d6 2.d4 Nf6 3.Nc3 e5 4.dxe5 dxe5 5.Qxd8+ Kxd8 6.Bc4 Be6 7.Bxe6 fxe6
8.f3 Bc5 9.Nge2 a6 10.Bd2 Nbd7 11.Nc1 Kc8 12.Nd3 Bd6 13.O-O-O b5 14.Ne2 Kb7
15.Rhe1 Rhf8 16.Be3 h6 17.Kb1 g5 18.h3 Nh5 19.Nec1 Nf4 20.Rd2 Nxd3 21.Nxd3 a5
22.Rc1 Ra6 23.c4 bxc4 24.Rxc4 Rc6 25.Rxc6 Kxc6 26.Rc2+ Kb7 27.b3 Rg8 28.Nb2 Nb6
29.Bxb6 cxb6 30.Nc4 Bc7 31.a4 h5 32.g4 hxg4 33.hxg4 Rh8 34.Rf2 Rh1+ 35.Kc2 Kc6
36.Nb2 b5 37.Kd3 Bb6 38.Rc2+ Bc5 39.axb5+ Kxb5 40.Nc4 Bb4 41.Rb2 Rc1 42.Rc2 Rd1+
43.Ke2 Rb1 44.Rb2 Rc1 45.Ra2 Rc3 46.Nd2 Ka6 47.Rb2 Kb5 48.Ra2 Kc5 49.Nc4 Rxc4
50.bxc4 Kxc4 51.Kd1 Kb3 52.Rc2 a4 53.Kc1 a3 54.Kb1 Bc3 55.Re2 Bd4 56.Rd2 Bb2
57.Rd3+ Bc3 58.Rxc3+ Kxc3 59.Ka2 Kd3 60.Kxa3 Ke3  0-1

[Event "Highgate Masters"]
[Site "Highgate"]
[Date "1997.??.??"]
[Round "6"]
[White "Siebrecht, Sebastian"]
[Black "Houska, Miroslav"]
[Result "1/2-1/2"]
[WhiteElo "2370"]
[BlackElo "2360"]

1.d4 d6 2.e4 Nf6 3.Nc3 e5 4.Nf3 Nbd7 5.Bc4 Be7 6.O-O O-O 7.h3 c6 8.a4 b6
9.Qe2 a6 10.dxe5 dxe5 11.Be3 Qc7 12.Ng5 h6 13.Nf3 Nc5 14.Nh4 Re8 15.Qf3 Be6
16.Bxe6 Nxe6 17.Nf5 h5 18.Rfd1 b5 19.axb5 axb5 20.Rxa8 Rxa8 21.Nd5 cxd5 22.exd5 e4
23.Qe2 Nxd5 24.Rxd5 Ra1+ 25.Rd1 Rxd1+ 26.Qxd1 Bf6 27.b3 g6 28.Nd6 Qc6 29.c4 bxc4
30.Nxc4 Nc5 31.Bxc5 Qxc5 32.Qd6 Qd4 33.Qxd4 Bxd4 34.Kf1 f5 35.Ke2 Kf7 36.f3 Ke6
37.fxe4 fxe4 38.b4 Kd5 39.Ne3+ Kc6 40.Nc4 Kd5 41.Ne3+  1/2-1/2

[Event "HUN-chT2 9798"]
[Site "HUN"]
[Date "1997.??.??"]
[Round "?"]
[White "Gal, Jozsef"]
[Black "Sandor, Jozsef"]
[Result "1-0"]
[WhiteElo "2295"]
[BlackElo "2205"]

1.e4 d6 2.d4 Nf6 3.Nc3 e5 4.Nf3 Qe7 5.Bg5 c6 6.h3 h6 7.Be3 Qc7 8.a4 Be7 9.Bc4 Nbd7
10.Bb3 g5 11.Qd3 Nf8 12.O-O-O Be6 13.d5 cxd5 14.exd5 Bd7 15.Nxe5 dxe5 16.d6 Bxd6
17.Qxd6 Qxd6 18.Rxd6 Ne6 19.Rhd1 a6 20.Bb6 Ke7 21.Ne4 Bc6 22.Nxf6 Kxf6 23.g3 Rac8
24.f4 gxf4 25.gxf4 exf4 26.Bd4+ Ke7 27.Bxh8 Rxh8 28.R6d2 Rg8 29.Rf2 f3 30.Bd5 Bxd5
31.Rxd5 Nf4 32.Rf5 Nxh3 33.R2xf3 Ng5 34.Rb3 Rb8 35.Rb6 Ne6 36.Rh5 Nd4 37.c3 Ne2+
38.Kc2 Nf4 39.Rh4 Nd5 40.Re4+ Kf8 41.Rxh6 Kg7 42.Rd6 Nf6 43.Rf4 Nh7 44.Rg4+ Kh8
45.Rb6 f5 46.Rh4 Kg7 47.Rh5 f4 48.Rf5 Rf8 49.Rxf8 Nxf8 50.Kd3 Ng6 51.Rxb7+  1-0

[Event "HUN-chT 9798"]
[Site "Hungary"]
[Date "1997.??.??"]
[Round "?"]
[White "Acs, Peter"]
[Black "Kiss, Attila"]
[Result "1-0"]
[WhiteElo "2420"]
[BlackElo "2425"]

1.e4 d6 2.d4 Nf6 3.Nc3 Nbd7 4.f4 e5 5.Nf3 exd4 6.Qxd4 c6 7.Be3 d5 8.e5 Ng4
9.Bg1 Nh6 10.O-O-O Nc5 11.Qd2 Be7 12.h3 Nf5 13.g4 Ng3 14.Rh2 Nxf1 15.Rxf1 Bd7
16.Re2 Qa5 17.f5 O-O-O 18.Kb1 Na4 19.e6 fxe6 20.fxe6 Be8 21.Nxa4 Qxa4 22.Ne5 d4
23.Bh2 Rd5 24.Nf7 d3 25.cxd3 Rf8 26.Qe3 Qd4 27.Qxd4 Rxd4 28.Kc2 Bxf7 29.exf7 Rd7
30.Be5 Bf6 31.Bxf6 Rdxf7 32.Bxg7 Rxf1 33.Bxf8 Rxf8 34.Re7 h6 35.Rh7 Rf6 36.Kc3 a5
37.Kd4 Rd6+ 38.Ke5 Rg6 39.d4 a4 40.b3 a3 41.Rh8+ Kc7 42.Ra8 Rg5+ 43.Kf6 Rd5
44.Kg6 Rd6+ 45.Kh5 b5 46.Rxa3 Kb7 47.b4  1-0

[Event "SLO-ch int blind"]
[Site "Izola"]
[Date "1997.??.??"]
[Round "?"]
[White "Mlacnik, Ivan Janez"]
[Black "Horak, Zdenek"]
[Result "1-0"]
[WhiteElo "2025"]
[BlackElo "1865"]

1.e4 d6 2.d4 Nf6 3.Nc3 c6 4.f4 g6 5.Nf3 Bg4 6.Bd3 Bg7 7.O-O Nbd7 8.e5 dxe5
9.fxe5 Nd5 10.h3 Bxf3 11.Qxf3 O-O 12.Nxd5 cxd5 13.Qxd5 Nb6 14.Qe4 e6 15.h4 Qd5
16.Qg4 Rad8 17.c3 Bxe5 18.dxe5 Qxd3 19.Bh6 Rfe8 20.Rad1 Qc4 21.Rxd8 Rxd8
22.Qg5  1-0

[Event "SLO-ch int blind"]
[Site "Izola"]
[Date "1997.??.??"]
[Round "?"]
[White "Zupancic, M."]
[Black "Horak, Zdenek"]
[Result "1/2-1/2"]
[WhiteElo "1865"]
[BlackElo "1865"]

1.e4 d6 2.d4 Nf6 3.Nc3 c6 4.Nf3 Bg4 5.Be2 e6 6.Be3 Be7 7.O-O O-O 8.Qd2 d5
9.exd5 cxd5 10.Ne5 Bxe2 11.Qxe2 a6 12.Na4 Nbd7 13.Nxd7 Nxd7 14.Nc5 Qc7 15.Nxd7 Qxd7
16.c3  1/2-1/2

[Event "Kiev"]
[Site "Kiev"]
[Date "1997.??.??"]
[Round "9"]
[White "Vysochin, Spartak"]
[Black "Komliakov, Viktor"]
[Result "1-0"]
[WhiteElo "2500"]
[BlackElo "2460"]

1.e4 d6 2.d4 Nf6 3.Nc3 e5 4.Nge2 Be7 5.f3 c6 6.Be3 h5 7.Qd2 b5 8.a3 a6 9.f4 Ng4
10.Bg1 exf4 11.Nxf4 Bg5 12.g3 h4 13.Bg2 Qf6 14.O-O-O Qh6 15.Rf1 Nd7 16.Qe2 h3
17.Bf3 Nge5 18.Kb1 Nxf3 19.Qxf3 O-O 20.Be3 Nf6 21.Bc1 Bg4 22.Qd3 a5 23.Nd1 Bxd1
24.Rxd1 Rfe8 25.Rhe1 a4 26.e5 dxe5 27.dxe5 Ng4 28.e6 fxe6 29.Qf3 Bxf4 30.gxf4 Qh4
31.Rg1 Nh6 32.Qxc6 Nf5 33.Qxb5 Qf2 34.Qf1 Qc5 35.Qxh3 Rab8 36.Rge1 Rb6 37.Re5 Qc6
38.Qd3 Rc8 39.Rde1 Rf8 40.Qe4 Qc7 41.Rxe6  1-0

[Event "Koblenz-ch"]
[Site "Koblenz"]
[Date "1997.??.??"]
[Round "1"]
[White "Matriciani, Ruediger"]
[Black "Ley, Reinhard"]
[Result "1-0"]
[WhiteElo "1975"]
[BlackElo "1600"]

1.e4 Nf6 2.Nc3 d6 3.d4 c6 4.Nf3 Bg4 5.Be2 Nbd7 6.O-O e6 7.Be3 Be7 8.a4 O-O
9.a5 Re8 10.h3 Bxf3 11.Bxf3 Qc7 12.Be2 b5 13.axb6 axb6 14.Qd2 Ra7 15.d5 exd5
16.exd5 c5 17.Nb5 Qb7 18.Rxa7  1-0

[Event "RUS-chJM op"]
[Site "Kolontaevo"]
[Date "1997.??.??"]
[Round "?"]
[White "Turov, Maxim"]
[Black "Suleimanov, Marat"]
[Result "0-1"]
[WhiteElo "2425"]
[BlackElo "2380"]

1.e4 d6 2.d4 Nf6 3.Nc3 e5 4.dxe5 dxe5 5.Qxd8+ Kxd8 6.Bc4 Be6 7.Bxe6 fxe6
8.f3 Nc6 9.Be3 Bd6 10.Nge2 Ke7 11.a3 h6 12.Nd1 Rad8 13.Nf2 Nh5 14.Nd3 Rhf8
15.Rd1 b6 16.O-O Nf4 17.Nec1 Ke8 18.Nf2 Na5 19.Nfd3 Nc4 20.Bf2 Rf7 21.a4 Rfd7
22.Nxf4 exf4 23.Nd3 Bb4 24.Ra1 Bd2 25.Rfb1 g5 26.b3 Ne5 27.Be3 Bxe3+ 28.Kf1 Bd4
29.Ra2 a6 30.b4  0-1

[Event "Cassovia op"]
[Site "Kosice"]
[Date "1997.??.??"]
[Round "?"]
[White "Solodovnichenko, Yuri"]
[Black "Krajnak, Martin"]
[Result "1-0"]
[WhiteElo "2370"]
[BlackElo "2275"]

1.e4 d6 2.d4 Nf6 3.Nc3 c6 4.f4 Qa5 5.Bd3 e5 6.Nf3 Bg4 7.dxe5 dxe5 8.f5 Nbd7
9.h3 Bxf3 10.Qxf3 Nc5 11.Bg5 Nxd3+ 12.Qxd3 Rd8 13.Qf3 Bc5 14.Bd2 Bb4 15.O-O-O Rd4
16.Kb1 O-O 17.a3 Be7 18.Be1 Rxd1+ 19.Nxd1 Qc7 20.g4 Rd8 21.Bc3 h6 22.h4 Nh7
23.g5 hxg5 24.hxg5 Bxg5 25.Nf2 f6 26.Qh5 Bh6 27.Ng4 Qf7 28.Qxh6 gxh6 29.Nxh6+ Kg7
30.Nxf7 Rd7 31.Nxe5 fxe5 32.Bxe5+ Kf8 33.Bc3 Ng5 34.e5 Rd5 35.Rh5 Ne4 36.e6 Nxc3+
37.bxc3 Kg7 38.c4 Rd1+ 39.Kb2 Re1 40.Rh3 Kf6 41.Rf3 b6 42.Kc3 Ra1 43.Kd2 Rh1
44.a4 Rh2+ 45.Kc3 Rh1 46.a5 bxa5 47.Re3 Rh8 48.Kd4 Kxf5 49.e7  1-0

[Event "La Pobla de Lillet op"]
[Site "La Pobla de Lillet"]
[Date "1997.??.??"]
[Round "8"]
[White "Llopis, Manuel"]
[Black "Panchenko, Alexandar G"]
[Result "1/2-1/2"]
[WhiteElo "2240"]
[BlackElo "2425"]

1.d4 d6 2.e4 Nf6 3.Nc3 e5 4.dxe5 dxe5 5.Qxd8+ Kxd8 6.Bc4 Be6 7.Bxe6 fxe6
8.Be3 Bd6 9.Nge2 Ke7 10.f3 a6 11.O-O-O Nbd7 12.Nb1 b5 13.Nd2 Nb6 14.Bxb6 cxb6
15.Kb1 Rhc8 16.Nc1 Rc6 17.Nd3 b4 18.Nf1 Rac8 19.Ne3 a5 20.Rd2 Nd7 21.g3 Rf8
22.Rf1 b5 23.Rdf2 g5 24.h4 gxh4 25.Rh2 hxg3 26.Rxh7+ Rf7 27.Rxf7+ Kxf7 28.Rg1 Rc8
29.Rxg3 Rh8 30.Rg1 Rh3 31.Rf1 Nb8 32.Ng4 Nc6 33.Kc1 Ke7 34.Kd1 a4 35.Kc1 a3
36.b3 Nd4 37.Ndxe5 Bxe5 38.Nxe5 Rh2 39.Nd3 Rxc2+ 40.Kb1 Rd2 41.Nxb4 Rb2+
42.Ka1 Rh2 43.f4 Ne2 44.f5 Nc3 45.fxe6 Kxe6 46.Re1 Ke5 47.Nd3+ Kd6 48.Nb4 Rd2
49.Rc1 Ke5 50.Nc6+ Kxe4 51.Nb4 Re2 52.Nc2 Rf2 53.Nb4 Re2 54.Rh1 Kf3 55.Rc1 Kf2
56.Rc2 Ke1 57.Rxe2+ Kxe2 58.Nc6 Kd2 59.Nb4 Kd1 60.Nc6 Kd2 61.Nd4 Kd1 62.b4 Kd2
63.Nc2 Kxc2  1/2-1/2

[Event "US-op"]
[Site "Las Vegas"]
[Date "1997.??.??"]
[Round "3"]
[White "Hodgson, Julian M"]
[Black "Klinova, Masha"]
[Result "1-0"]
[WhiteElo "2610"]
[BlackElo "2390"]

1.d4 d6 2.e4 Nf6 3.Nc3 c6 4.f4 Qa5 5.Bd2 e5 6.dxe5 dxe5 7.f5 Nbd7 8.Bc4 Qc7
9.a4 Bb4 10.Qe2 b6 11.Nh3 Nc5 12.Nf2 Bb7 13.O-O a5 14.Nb1 Bxd2 15.Nxd2 O-O
16.g4 b5 17.Ba2 h6 18.h4 Nh7 19.g5 Kh8 20.Ng4 h5 21.Ne3 g6 22.axb5 cxb5 23.Nd5 Bxd5
24.Bxd5 Rab8 25.Rf2 Na4 26.c4 Nb6 27.cxb5 Nxd5 28.exd5 Rfd8 29.d6 Qxd6 30.Nc4 Qd4
31.fxg6 fxg6 32.Qxe5+ Qxe5 33.Nxe5 Rd5 34.Nxg6+ Kg7 35.Nf4 Rdxb5 36.Nxh5+ Kg8
37.Rc1 Rb4 38.g6 Nf8 39.Nf6+ Kg7 40.h5 Ne6 41.Rc6 Nf4 42.Kh2 Kh6 43.g7 Kxg7
44.h6+ Kf7 45.Ng4 Kg8 46.Rc7 Rxb2 47.Nf6+ Kf8 48.Rxb2 Rxb2+ 49.Kg3 Ng6 50.Rg7 Ne7
51.Nd7+  1-0

[Event "Lazne Bohdanec-B"]
[Site "Lazne Bohdanec"]
[Date "1997.??.??"]
[Round "?"]
[White "Sluka, Radek"]
[Black "Pribyl, Josef"]
[Result "0-1"]
[WhiteElo "2345"]
[BlackElo "2445"]

1.e4 d6 2.d4 Nf6 3.Nc3 e5 4.dxe5 dxe5 5.Qxd8+ Kxd8 6.Bg5 Be7 7.Nf3 Nbd7 8.O-O-O Ke8
9.Bh4 a6 10.Bc4 Bd6 11.Rhe1 h6 12.Nd5 Nxd5 13.exd5 f6 14.Nd4 Nb6 15.Bb3 Kf7
16.Ne6 g5 17.Bg3 Bxe6 18.dxe6+ Ke7 19.f3 Bc5 20.Re4 Rad8 21.Rxd8 Rxd8 22.Be1 Nd5
23.Bd2 Kxe6 24.g4 c6 25.a4 Ke7 26.Ba2 Nf4 27.b4 Bd4 28.Bxf4 gxf4 29.Bc4 Be3+
30.Kb2 Rd2 31.h4 Rf2 32.g5 hxg5 33.hxg5 Rxf3 34.b5 Bd4+ 35.Kc1 fxg5 36.bxa6 bxa6
37.Bxa6 Ra3 38.Bc8 Rxa4 39.Kd1 Ra3 40.Bg4 Rg3  0-1

[Event "Lazne Bohdanec"]
[Site "Lazne Bohdanec"]
[Date "1997.??.??"]
[Round "9"]
[White "Tibensky, Robert"]
[Black "Jansa, Vlastimil"]
[Result "0-1"]
[WhiteElo "2445"]
[BlackElo "2490"]

1.d4 d6 2.e4 Nf6 3.Nc3 Nbd7 4.f3 e5 5.Be3 Be7 6.Nge2 c6 7.a4 O-O 8.dxe5 dxe5
9.Nc1 Bc5 10.Bxc5 Nxc5 11.Qxd8 Rxd8 12.a5 Be6 13.Nd3 Nxd3+ 14.Bxd3 b5 15.axb6 axb6
16.Rxa8 Rxa8 17.Kd2 Nd7 18.Rb1 Kf8 19.Nd1 Nc5 20.Bf1 b5 21.Nf2 Ke7 22.Nd3 Nd7
23.b3 f6 24.Kc3 Kd6 25.Kb2 c5 26.Rd1 Kc6 27.Nf2 Nb6 28.Rd2 c4 29.Nd1 b4 30.Be2 c3+
31.Nxc3 bxc3+ 32.Kxc3 Nd7 33.Kb2 Nc5 34.Bf1 Rb8 35.Kc3 Ra8 36.Kb2 g6 37.Re2 Kd6
38.Rd2+ Kc6 39.Re2 Rd8 40.Kc1 Rd4 41.Re3 Kd6 42.g4 Kc6 43.Be2 Kb6 44.Kb2 h5
45.gxh5 gxh5 46.Kc1 h4 47.Bd1 h3 48.Be2 Rd8 49.Bf1 Rg8 50.Re2 Rg1 51.Rf2 Bxb3
52.Kd2 Be6 53.Ke3 Kc7 54.f4 Rg4 55.Rf3 Rxf4 56.Rxf4 exf4+ 57.Kxf4 Kd6 58.Be2 Nd7
59.Bf1 Nf8 60.Be2 Ng6+ 61.Ke3 Ke5 62.c3 Nf4 63.Bf1 Bd7  0-1

[Event "Leeuwarden op"]
[Site "Leeuwarden"]
[Date "1997.??.??"]
[Round "7"]
[White "Blees, Albert"]
[Black "Landa, Konstantin"]
[Result "0-1"]
[WhiteElo "2450"]
[BlackElo "2560"]

1.e4 d6 2.d4 Nf6 3.Nc3 e5 4.Nf3 Nbd7 5.Bc4 Be7 6.O-O O-O 7.Re1 b6 8.a4 a6
9.b3 Bb7 10.Ba3 h6 11.Qd2 Re8 12.Rad1 Bf8 13.dxe5 Nxe5 14.Nxe5 dxe5 15.Qe3 Bxa3
16.Rxd8 Raxd8 17.Nd5 Bxd5 18.exd5 a5 19.Qg3 Bd6 20.Re2 e4 21.Qc3 Re5 22.Qe1 Bc5
23.c3 Nxd5 24.Rxe4 Rxe4 25.Qxe4 Nxc3 26.Qf3 Rd1+ 27.Bf1 Rd2 28.h3 Rxf2 29.Qa8+ Kh7
30.Bd3+ g6 31.Kh1 Nd1 32.Qc8 Rf6 33.Kh2 Nf2 34.Bc2 Kg7 35.Qd7 Bd6+ 36.Kg1 h5
37.Qb5 Bc5 38.Kh2 Bd6+ 39.Kg1 Bc5 40.Kh2 h4 41.Qc4 Bd6+ 42.Kg1 Bc5 43.Kh2 Bd6+
44.Kg1 Rf4 45.Qc3+ Kg8 46.Qe1 Kf8 47.Qc3 Kg8 48.Qe1 Rf6 49.Qe8+ Kg7 50.Qe1 Bc5
51.Kh2 Re6 52.Qc3+ Kg8 53.Qd2 Bd6+ 54.Kg1 Bg3 55.Qd8+ Kh7 56.Qd2 Re1+ 57.Qxe1 Nxh3+
58.gxh3 Bxe1 59.Kg2 Kg7 60.Kf3 Kf6 61.Ke4 Ke6 62.Bd3 f5+ 63.Ke3 Kd5 64.Bc4+ Kc5
65.Bf7 g5 66.Be6 Kb4 67.Kd3 f4 68.Kc2 f3  0-1

[Event "VfB op 4th"]
[Site "Leipzig"]
[Date "1997.??.??"]
[Round "4"]
[White "Hablizel, Frank"]
[Black "Hesse, Peter"]
[Result "1/2-1/2"]
[WhiteElo "2090"]
[BlackElo "2330"]

1.e4 d6 2.d4 Nf6 3.Nc3 e5 4.Nf3 Nbd7 5.Bc4 Be7 6.O-O O-O 7.Re1 c6 8.a4 b6
9.Bg5 a6 10.h3 Rb8 11.Qe2 b5 12.axb5 axb5 13.Bb3 h6 14.Be3 Qc7 15.Nh4 exd4
16.Bxd4 Nc5 17.Ng6 Nxb3 18.Nxe7+ Qxe7 19.cxb3 Be6 20.Ra7 Qd8 21.b4 Re8 22.Qf3 Bc4
23.Bxf6 Qxf6 24.Qxf6 gxf6 25.Rea1 d5 26.exd5 cxd5 27.Rd1 Kg7 28.Rd4 f5 29.Ra3 Re1+
30.Kh2 Rc1 31.Na2 Rb1 32.Rd2 Rd8 33.Rg3+ Kf6 34.Nc3 Re1 35.b3 Bxb3 36.Nxb5 Bc4
37.Nd4 Rb8 38.Rf3 Kg6 39.Nxf5 Rxb4 40.Ne3 Rb5 41.Rd4 h5 42.Rdf4 Rb7 43.Rg3+ Kh7
44.Rh4 Rb6 45.Nf5 Rg6 46.Rxh5+ Kg8 47.Ra3 Re8 48.Ne3 Rd8 49.Rh4 Rf6 50.Nxc4 dxc4
51.Rg3+ Kf8 52.Rxc4 Rxf2  1/2-1/2

[Event "VfB op 4th"]
[Site "Leipzig"]
[Date "1997.??.??"]
[Round "9"]
[White "Vogt, Lothar"]
[Black "Hesse, Peter"]
[Result "1/2-1/2"]
[WhiteElo "2515"]
[BlackElo "2330"]

1.e4 d6 2.d4 Nf6 3.Nc3 e5 4.Nf3 Nbd7 5.Bc4 Be7 6.O-O O-O 7.a4 c6 8.Ba2 b6
9.Re1 a6 10.Bg5 h6 11.Bh4 Nh5  1/2-1/2

[Event "Lichtenstein op"]
[Site "Lichtenstein"]
[Date "1997.??.??"]
[Round "3"]
[White "Schmidlechner, Alexander"]
[Black "Laske, Erich"]
[Result "1-0"]
[WhiteElo "2190"]
[BlackElo "2045"]

1.d4 d6 2.e4 Nf6 3.Nc3 c6 4.Nge2 Nbd7 5.g3 e5 6.Bg2 b5 7.d5 cxd5 8.Nxd5 Bb7
9.Nec3 Qa5 10.b4 Qd8 11.Nxb5 Nxd5 12.exd5 Qb6 13.Qd3 a6 14.Nc3 Qxb4 15.Rb1 Qa5
16.Rxb7 Nc5 17.Qc4 Nxb7 18.Qc6+ Kd8 19.Be3 Nc5 20.Qxa8+ Ke7 21.Bd2 g6 22.O-O Bg7
23.Qa7+ Nd7 24.Ne4  1-0

[Event "Lippstadt"]
[Site "Lippstadt"]
[Date "1997.??.??"]
[Round "5"]
[White "Luther, Thomas"]
[Black "Stangl, Markus"]
[Result "1-0"]
[WhiteElo "2525"]
[BlackElo "2530"]

1.e4 d6 2.d4 Nf6 3.Nc3 e5 4.Nf3 Nbd7 5.Bc4 Be7 6.O-O O-O 7.a4 c6 8.Ba2 b6
9.h3 a6 10.Qe2 Qc7 11.Rd1 b5 12.axb5 cxb5 13.Nh4 Nb6 14.dxe5 dxe5 15.Nf5 Bxf5
16.exf5 Rfd8 17.Bg5 h6 18.Bxf6 Bxf6 19.Ne4 Qc6 20.Bb3 Nc4 21.Bxc4 bxc4 22.c3 Rab8
23.Rxd8+ Rxd8 24.Ra5 Rb8 25.Rc5 Qd7 26.Nxf6+ gxf6 27.Rxc4 Qxf5 28.Rg4+ Kh7
29.Qxa6 Rxb2 30.Qa8 Qb1+ 31.Kh2 Rb8 32.Qc6 h5 33.Rg3 Qb6 34.Qf3 Kh6 35.Qf5 Re8
36.Rf3 Re6 37.Qe4 Qc6 38.Qe3+ Kh7 39.Rg3 Qc4 40.Qf3 Kh6 41.Qa8  1-0

[Event "Lilie op"]
[Site "Litomysl"]
[Date "1997.??.??"]
[Round "5"]
[White "Schaefer, A."]
[Black "Cech, Pavel"]
[Result "0-1"]
[WhiteElo "2160"]
[BlackElo "2365"]

1.e4 Nf6 2.Nc3 d6 3.d4 c6 4.g3 Nbd7 5.Bg2 e5 6.Nge2 Be7 7.O-O O-O 8.a4 a5
9.h3 Re8 10.g4 Nf8 11.Ng3 exd4 12.Qxd4 Ne6 13.Qd1 Bf8 14.Be3 Qc7 15.Qd2 d5
16.exd5 Rd8 17.Rad1 cxd5 18.Nxd5 Nxd5 19.Bxd5 Bd7 20.b3 Bc6 21.c4 Bd6 22.f4 Bc5
23.Ne4 Bb4 24.Qf2 Re8 25.Kh1 Qe7 26.Bb6 Nf8 27.Ng5 Ng6 28.Qd4 Ra6 29.Bxc6 bxc6
30.Bd8 Qb7 31.Qd7 Qxd7 32.Rxd7 f6 33.f5 Nf8 34.Rd3 fxg5 35.f6 gxf6 36.Bxf6 Ne6
37.Rd7 Bf8 38.Re1 c5 39.Bxg5 Rd6 40.Ra7 Rb8 41.Bf4 Nxf4 42.Rf1 Rd4 43.Rc7 Rxb3  0-1

[Event "SLO-ch (Women)"]
[Site "Ljubljana"]
[Date "1997.??.??"]
[Round "1"]
[White "Licina, Anita"]
[Black "Petek, Francka"]
[Result "1/2-1/2"]
[WhiteElo "2170"]
[BlackElo "2040"]

1.e4 d6 2.d4 Nf6 3.Nc3 c6 4.Nf3 Bg4 5.a4 Nbd7 6.Be2 e5 7.O-O Be7 8.Be3 O-O
9.h3 Bh5 10.Nd2 Bxe2 11.Qxe2 exd4 12.Bxd4 Qa5 13.Nd1 Qh5 14.Re1 Qxe2 15.Rxe2 Rfe8
16.Nc3 Bf8 17.Rae1 h6 18.g3 Nh5 19.Kg2 g5 20.Nf3 Ne5 21.Nd1 Ng6 22.Kh2 Ng7
23.Nc3 Ne6 24.Bf6 Bg7 25.Bxg7 Kxg7 26.Rd1 Ne5 27.Kg2 Rad8 28.b3 Nxf3 29.Kxf3 Kf6
30.Kg2 Ke7 31.Red2 Rg8 32.Ne2 h5 33.f3 f6 34.Kf2 h4 35.g4 Rd7 36.Ke3 Rgd8
37.Kf2 Rc7 38.Rd3 Rcd7 39.R3d2 Rc7 40.Rd3 Rcd7 41.Ke3 Nc5 42.R3d2 Ne6 43.b4 Rc7
44.Rb1 d5 45.Rbd1 Rcd7 46.c3 Rd6 47.exd5 Rxd5 48.Rxd5 Rxd5 49.Rxd5 cxd5 50.f4 Kd6
51.f5 Nd8 52.Nd4  1/2-1/2

[Event "Ljubljana op"]
[Site "Ljubljana"]
[Date "1997.??.??"]
[Round "4"]
[White "Podlesnik, Bogdan"]
[Black "Ciglic, Boris"]
[Result "1-0"]
[WhiteElo "2410"]
[BlackElo "2175"]

1.e4 d6 2.d4 Nf6 3.Nc3 c6 4.f4 g6 5.Nf3 Bg7 6.Be2 O-O 7.O-O Nbd7 8.e5 dxe5
9.fxe5 Nd5 10.Ne4 f6 11.exf6 N7xf6 12.Nc5 Qd6 13.Ne5 b6 14.Ncd3 Bb7 15.Bf3 Nc7
16.c3 Ne6 17.Qe2 Nd5 18.Nc4 Nef4 19.Nxf4 Nxf4 20.Bxf4 Qxf4 21.Bd5+ cxd5 22.Rxf4 Rxf4
23.Qe6+ Kh8 24.Ne5 Raf8 25.Qxe7 Ba6 26.Nf3 R4f7 27.Qe3 h6 28.h3 Kh7 29.a4 Bf6
30.a5 Re7 31.Ne5 Bg5 32.Qg3 Be2 33.h4 Bf4 34.Qxg6+ Kh8 35.axb6 axb6 36.Re1 Rg7
37.Rxe2  1-0

[Event "London2"]
[Site "London"]
[Date "1997.??.??"]
[Round "4"]
[White "Kopec, Danny"]
[Black "Houska, Miroslav"]
[Result "1-0"]
[WhiteElo "2405"]
[BlackElo "2260"]

1.d4 d6 2.e4 Nf6 3.Nc3 e5 4.dxe5 dxe5 5.Qxd8+ Kxd8 6.Bg5 c6 7.Bc4 Ke8 8.Nf3 Nbd7
9.a3 Bd6 10.Rd1 Bc7 11.O-O Nc5 12.b4 Ne6 13.Be3 b5 14.Bb3 a5 15.h3 Ke7 16.Rfe1 Bd6
17.Rd3 axb4 18.axb4 Bb7 19.Bxe6 fxe6 20.Rb1 Rhd8 21.Bb6 Rd7 22.Nd2 Ke8 23.Ba5 Be7
24.Rxd7 Nxd7 25.Rd1 Rc8 26.Nf3 h6 27.Nd2 Ba6 28.Nb3 c5 29.bxc5 Nxc5 30.Rb1 Na4
31.Na2 Bb7 32.f3 Rxc2 33.Nb4 Rc4 34.Nd3 Bd6 35.Kf1 Bc6 36.Nd2 Rd4 37.Nb4 Bd7
38.Ke1 Nc3 39.Rb3 Na4 40.Nc2 Nc5 41.Nxd4 exd4 42.Rb1 Bg3+ 43.Kd1 Nd3 44.Nb3 e5
45.Bc7 b4 46.Nxd4 Ne1 47.Ne2 Bf2 48.Bb6 Ba4+ 49.Kd2 Nxf3+ 50.gxf3 Bxb6 51.Nc1 Bd8
52.Nd3 Bd7 53.Nxe5 Bxh3 54.Ke2 Bc7 55.Nd3 g5 56.Nxb4 g4 57.Nd5 Be5 58.Rb7 gxf3+
59.Kxf3 Kf8 60.Nf4 Bc8 61.Ng6+ Kg8 62.Ne7+  1-0

[Event "Loures2"]
[Site "Loures"]
[Date "1997.??.??"]
[Round "7"]
[White "Ribeiro, Fernando"]
[Black "Mellado Trivino, Juan"]
[Result "1/2-1/2"]
[WhiteElo "2305"]
[BlackElo "2430"]

1.e4 d6 2.d4 Nf6 3.Nc3 e5 4.dxe5 dxe5 5.Qxd8+ Kxd8 6.Bc4 Be6 7.Bxe6 fxe6
8.Bg5 Bd6 9.O-O-O Nc6 10.Nge2 Ke7 11.f3 h6 12.Be3 a6 13.Kb1 Rhd8 14.Nc1 Bb4
15.N3e2  1/2-1/2

[Event "Rheinhessen-ch M2"]
[Site "Mainz"]
[Date "1997.??.??"]
[Round "2"]
[White "Sulic, Kresimir"]
[Black "Bauer, Claus"]
[Result "0-1"]
[WhiteElo "1957"]
[BlackElo "2185"]

1.e4 d6 2.d4 Nf6 3.Nc3 c6 4.Nf3 Bg4 5.Be2 e6 6.O-O Be7 7.Ne1 Bxe2 8.Qxe2 d5
9.e5 Nfd7 10.Qg4 Kf8 11.Nd3 c5 12.dxc5 Nc6 13.Re1 Nxc5 14.Nf4 g6 15.Bd2 h5
16.Qf3 Kg7 17.Rad1 Nd4 18.Qh3 Nxc2 19.Rf1 Nd4 20.Be3 Nf5 21.Ncxd5 Nxe3 22.Nxe3 Qb6
23.Nc4 Qb4 24.b3 b5 25.a3 Qxb3 26.Nd6 Qxh3 27.Nxh3 a6 28.Rc1 Bxd6 29.exd6 Ne4
30.Rfd1 Rhd8 31.Rc6 Ra7 32.f3 Nf6 33.Ng5 Nd5 34.Kf2 a5 35.Ne4 b4 36.axb4 axb4
37.Rd2 Rad7 38.Rb2 Kh6 39.Re2 f5 40.Nc5 Rxd6 41.Rxe6 Rxc6 42.Rxc6 Ra8 43.Kg3 Ra2
44.Rd6 f4+ 45.Kh3 Ne3 46.Rb6 Rxg2 47.Nd3 Rd2 48.Nxf4 Nf1 49.Rxg6+ Kh7 50.Rg2 b3
51.Rxd2 Nxd2 52.Nd3 Nc4 53.f4 b2 54.Nxb2 Nxb2 55.Kh4 Kh6 56.f5 Nc4 57.f6 Ne5
58.h3 Kg6  0-1

[Event "Rheinhessen-ch M1"]
[Site "Mainz"]
[Date "1997.??.??"]
[Round "2"]
[White "Spiegel, Stefan"]
[Black "Fassnacht, Peter"]
[Result "1-0"]
[WhiteElo "2270"]
[BlackElo "2285"]

1.e4 d6 2.d4 Nf6 3.Nc3 c6 4.a4 Nbd7 5.Nge2 e5 6.g3 Be7 7.Bg2 O-O 8.O-O a5
9.h3 Re8 10.Be3 Bf8 11.f4 b6 12.g4 Ba6 13.Rf2 Qc7 14.Ng3 h6 15.Qd2 Nh7 16.Nf5 Ndf6
17.Re1 Rad8 18.Bf1 Bc8 19.Rg2 Kh8 20.Kh1 exd4 21.Bxd4 c5 22.Bg1 Bb7 23.Ng3 d5
24.Nb5 Qe7 25.e5 d4 26.Nf5 Qe6 27.Nc7 Qd7 28.Nxe8 Nxe8 29.b3 Nc7 30.Ng3 Bxg2+
31.Qxg2 Nd5 32.f5 Be7 33.Bb5 Qc7 34.Bc4 Nf4 35.Qf1 Nd5 36.f6 Bxf6 37.Bxd5 Bxe5
38.Qxf7 Bxg3 39.Re8+  1-0

[Event "Rheinhessen-ch H1 op"]
[Site "Mainz"]
[Date "1997.??.??"]
[Round "7"]
[White "Schaefer, Frank"]
[Black "Klein, Ulrike"]
[Result "0-1"]
[WhiteElo "1875"]
[BlackElo "1755"]

1.e4 d6 2.d4 Nf6 3.Nc3 c6 4.f4 Qa5 5.Bd3 e5 6.Nf3 Bg4 7.dxe5 dxe5 8.f5 Bb4
9.Bd2 Nbd7 10.a3 Bxc3 11.Bxc3 Qb6 12.h3 Qe3+ 13.Qe2 Qxe2+ 14.Kxe2 Bxf3+ 15.Kxf3 O-O-O
16.b4 Rhe8 17.a4 Nh5 18.g3 g6 19.Bd2 gxf5 20.exf5 e4+ 21.Bxe4 Ne5+  0-1